000 00997nam a2200265 a 4500
001 BD-DhSAU 864
003 BD-DhSAU
005 20150107023546.0
008 850523s1984 ii b 000 0 eng
040 _aBD-DhSAU
082 0 0 _a332.7
_222
_bBAE
100 1 _aBandyopadhyay, Arun Kumar,
245 1 0 _aEconomics of agricultural credit :
_bwith special reference to small farmers in West Bengal /
_cArun Kumar Bandyopdhyay.
260 _aNew Delhi, India :
_bAgricole Pub. Academy ;
_c1984.
300 _axvi, 174 p. :
_c23 cm.
440 0 _aStudies in economic development and planning ;
_vno. 35
500 _aAt head of title: Institute of Economic Growth.
500 _aRevision of the author's thesis (Ph. D.--University of Delhi, 1982)
504 _aBibliography: p. 172-174.
590 _aIMRAN
650 0 _aAgricultural credit
_zIndia
_zWest Bengal.
650 0 _aEconomics
650 0 _aFarms, Small
_zIndia
_zWest Bengal
_xFinance.
710 2 _aInstitute of Economic Growth (India)
942 _2ddc
_cBOOK
999 _c864
_d864